• 首页
  • 本馆介绍
  • 公告通知
  • 最新文献
  • 馆藏检索
  • 电子资源
  • 读者荐购
  • 参考咨询
  • CALIS
  • 我的图书馆
  • 登录
  • 详细信息显示
  • 放入我的书架
  • 预约/预借图书
  • 作者相关作品
  • 分类相关作品
  • 丛书相关作品
  • 出版社相关作品

书目信息

  • 表格格式
  • 工作单格式
  • 卡片格式
题名:
Auto CAD建筑装潢设计技能特训
    
 
作者: 高志清 主编 ;张传记 编著
分册:  
出版信息: 北京   中国水利水电出版社  2004
页数: 412页
开本: 26
丛书名: 电脑设计技能特训丛书
单 册:
中图分类: TU201.4
科图分类:
主题词: 建筑设计--计算机辅助设计
电子资源:
ISBN: 7-5084-1763-1
 
 
 
 
 
000 01048nam2 2200301 450
001 012003908855
005 20050105154144.21
009 012003908855
010    @a7-5084-1763-1@dCNY 45.00
035    @a(110017)062002004582
100    @a20031202d2004 em y0chiy0110 ea
101 0  @achi
102    @aCN@b110000
105    @ay z 000yy
200 1  @aAuto CAD建筑装潢设计技能特训@9Auto CAD jian zhu zhuang huang she ji ji neng te xun@f高志清主编@g张传记等编著
210    @a北京@c中国水利水电出版社@d2004
215    @a412页@d26@e光盘1片
225 2  @a电脑设计技能特训丛书
307    @a附光盘 ISBN 7-89996-635-3
330    @a本书主要针对建筑装潢设计领域,从AutoCAD 2004软件界面的基本结构入手,对如何应用AutoCAD 2004的基本操作进行建筑装潢设计作了详尽的讲解。
461  0 @12001 @a电脑设计技能特训丛书
606 0  @a建筑设计@x计算机辅助设计
610 0  @aAutoCAD
690    @aTU201.4@v4
701  0 @a高志清@9gao zhi qing@4主编
702  0 @a张传记@9zhang chuan ji@4编著
801  0 @aCN@b021001@c20050105
905    @a10447@dTU201.4@eG2104
    
    Auto CAD建筑装潢设计技能特训/高志清主编/张传记等编著.-北京:中国水利水电出版社,2004
    412页;26+光盘1片.-(电脑设计技能特训丛书)
    
    
    ISBN 7-5084-1763-1:CNY 45.00
    本书主要针对建筑装潢设计领域,从AutoCAD 2004软件界面的基本结构入手,对如何应用AutoCAD 2004的基本操作进行建筑装潢设计作了详尽的讲解。
●
相关链接 在E读中查询图书 在当当中查询图书 在豆瓣中查询图书


正题名:Auto CAD建筑装潢设计技能特训     索取号:TU201.4/G2104         预约/预借

序号 登录号 条形码 馆藏地/架位号 状态 备注
1 434618   204346181   建筑库101/101建筑库 33排4列1层/ [索取号:TU201.4/G2104] 在馆    
河南城建学院图书馆 欢迎您!
大连网信软件有限公司© 版权所有